01246nab a22002417a 4500999001500000003000400015005001700019008004100036040000700077100003300084245011500117300001300232500003600245505018700281505012700468505012600595650002800721650002000749650003200769650003500801773015500836942001300991 c5740d5740OSt20260101201630.0190514b xxu||||| |||| 00| 0 spa d cPJ 94325aTavip, Gabriel Eugenio10aNulidad del matrimonio y la reapertura judicial de un debate que parecía de otro tiempo /cGabriel E. Tavip. ap. 24-42 aCita: TR LALEY AR/DOC/456/2025. aSumario: I. Introducción.— II. El caso.— III. Los fundamentos de ambos pronunciamientos.— IV. Las aristas generales de la cuestión planteada.— V. Algunas ideas finales.  aFallo comentado: CCiv. y Com., Lomas de Zamora, sala II ~ 17/09/2024 ~ W., M. G. c. Z., M. E. s/ nulidad acto jurídico.  aFallo comentado: JCiv. y Com., Nro. 3, Lomas de Zamora ~ 09/11/2022 ~ W., M. G. c. Z., M. E. s/ nulidad acto jurídico.  09967aDERECHO DE FAMILIA 09962aMATRIMONIO 091031aNULIDAD DE MATRIMONIO 091057aJURISPRUDENCIA APLICABLE0 0284493222dBuenos Aires : AbeledoPerrot, 1989-tDerecho de familia. Revista Interdisciplinaria de doctrina y jurisprudencia. Abril 2025-II.z18511201 2udccANA